What Movie? Serial Killers (Slideshow) Quiz Stats

Quiz not verified by Sporcle

Challenge
Share
Tweet
Score 0/30 Timer 08:00
0 Plays Today
% Correct
Friday the 13th
91.9%
The Silence of the Lambs
91.8%
A Nightmare on Elm Street
89.1%
American Psycho
88.7%
Psycho
88.3%
Halloween
84.1%
The Texas Chain Saw Massacre
82.7%
Monster
81.9%
Sweeney Todd: The Demon Barber of Fleet Street
81.9%
Se7en
74.3%
Natural Born Killers
69.1%
Scream
67%
Saw II
65.8%
I Know What You Did Last Summer
58.1%
Con Air
55.6%
% Correct
Death Proof
44.8%
Insomnia
43.6%
Heathers
39.5%
Dirty Harry
31.8%
Mr. Brooks
31.7%
The Lovely Bones
30.6%
Kalifornia
28.5%
Henry: Portrait of a Serial Killer
25.3%
Badlands
23.5%
Frailty
20.4%
House of 1000 Corpses
19.6%
The Iceman
12.7%
Man Bites Dog
8.4%
I Saw the Devil
6.7%
The Vanishing
3.8%

You're not logged in!

Compare scores with friends on all Sporcle quizzes.
Sign Up with Email
OR
Log In

You Might Also Like...

Show Comments

Extras

Curator's Pick Jun 18, 2015ReportNominate
Tags:Movie Characters Quiz, killer, serial, Slideshow

Top Quizzes Today


Score Distribution

Your Account Isn't Verified!

In order to create a playlist on Sporcle, you need to verify the email address you used during registration. Go to your Sporcle Settings to finish the process.